| 000 -Etiqueta do registo | |
|---|---|
| campo de controlo de comprimento fixo | 006680000a22002170004500 |
| 001 - Identificador do registo | |
| Campo de controlo | 52450 |
| 010 ## - ISBN | |
| Número (ISBN) | 972-0-31198-3 |
| 100 ## - Dados Gerais de Proc. | |
| Dados gerais de processamento | 20170316d2017 k y0pory5003 ba |
| 101 0# - Língua da publicação | |
| Língua do texto, banda sonora, etc. | Inglês |
| 102 ## - País de Publicação | |
| País de publicação | Portugal |
| 200 1# - Título | |
| Título próprio | The new kid at school |
| Primeira menção de responsabilidade | Michelle Calhoun Ferro |
| Outras menções de responsabilidade | il. Ricardo Ferrand |
| 210 ## - Publicação, Distribuição | |
| Lugar da edição, distribuição, etc. | Porto |
| Nome do editor, distribuidor, etc. | Porto Editora |
| Data da publicação, distribuição, etc. | 2004 |
| 215 ## - Descrição física | |
| Descrição física | 32 p |
| 606 ## - Nome comum | |
| Koha Internal code | 2117 |
| Elemento de entrada | Literatura inglesa |
| Subdivisão de assunto | Conto |
| 675 ## - CDU | |
| Notação | 821.111-93 |
| Edição | BN |
| Língua da edição | Português |
| 675 ## - CDU | |
| Notação | 821.111-34 |
| Edição | BN |
| Língua da edição | Português |
| 700 #1 - Responsabilidade principal | |
| Koha Internal Code | 19718 |
| Palavra de ordem | Ferro |
| Outra parte do nome | Michelle Calhoun |
| 702 #1 - Responsabilidade secundária | |
| Koha Internal Code | 19280 |
| Código de função | Ilustrador |
| Palavra de ordem | Ferrand |
| Outra parte do nome | Ricardo |
| 801 ## - Fonte de origem | |
| País | Portugal |
| Data da última transacção | 20170316 |
| 090 ## - Números de controlo do sistema (Koha) | |
| Número biblioitem do Koha (gerado automaticamente) | 52450 |
| 942 ## - Elementos de entrada adicionados (Koha) | |
| Tipo de item no Koha | Monografias |
| Suprimido | Disponível no OPAC |
| 999 ## - Campo local | |
| Campo local | 52450 |
| Perdido (estado) | Data de aquisição | Origem do registo (biblioteca) (codificado) | Código da organização que empresta ou é detentora (biblioteca) | Código de barras | Cota | Tipo de circulação (não pode ser emprestado) | Tipo de item e material |
|---|---|---|---|---|---|---|---|
| Disponível | 2017-03-16 | Biblioteca EB23 D. Paio Peres Correia | Biblioteca EB23 D. Paio Peres Correia | BEBDPPC8380 | 82-93 FER | Normal | Monografias |